Venkateswaran on trade marks & passing off / (Record no. 97962)
[ view plain ]
| 000 -LEADER | |
|---|---|
| fixed length control field | 01067nam a22002537a 4500 |
| 005 - DATE AND TIME OF LATEST TRANSACTION | |
| control field | 20160111140355.0 |
| 010 ## - LCCN (DPL NO) | |
| LC control number | ENG-114410-411 |
| 020 ## - INTERNATIONAL STANDARD BOOK NUMBER | |
| International Standard Book Number | 9789351435938 |
| Terms of availability | 4495.00 (set price) |
| 020 ## - INTERNATIONAL STANDARD BOOK NUMBER | |
| International Standard Book Number | 9789351435945 (v.1) |
| Terms of availability | 4495.00 (set price) |
| 020 ## - INTERNATIONAL STANDARD BOOK NUMBER | |
| International Standard Book Number | 9789351435952 (v.2) |
| Terms of availability | 4495.00 (set price) |
| 035 ## - SYSTEM CONTROL NUMBER | |
| System control number | EN-97942-943 |
| 037 ## - SOURCE OF ACQUISITION | |
| Source of stock number/acquisition | DBAD/PUB |
| 082 ## - DEWEY DECIMAL CLASSIFICATION NUMBER | |
| Classification number | 346.540488 |
| 100 ## - MAIN ENTRY--PERSONAL NAME | |
| Personal name | Kailasam, K.C. |
| 245 ## - TITLE STATEMENT | |
| Title | Venkateswaran on trade marks & passing off / |
| Statement of responsibility, etc | by K.C. Kailasam; foreworded by Raghbir Singh |
| 250 ## - EDITION STATEMENT | |
| Edition statement | 6th ed |
| 260 ## - PUBLICATION, DISTRIBUTION, ETC. (IMPRINT) | |
| Place of publication, distribution, etc | Gurgaon |
| Name of publisher, distributor, etc | LexisNexis |
| Date of publication, distribution, etc | 2015 |
| 270 ## - ADDRESS | |
| Address | 14th Floor, Building No.10, Tower-B, DLF Cyber City, Phase-II |
| City | Gurgaon |
| Postal code | 122002 |
| 300 ## - PHYSICAL DESCRIPTION | |
| Extent | 2V.(ccciii,1761,142p. ; cxxviii,1762-3747,142p.) |
| Dimensions | 25cm(Hb) |
| 500 ## - GENERAL NOTE | |
| General note | Includes index |
| 505 ## - FORMATTED CONTENTS NOTE | |
| Formatted contents note | v.1- the trade marks act, 1999 sections 1 to 36G<br/>v.2- the trade marks act, 1999 sections 37 to 159<br/>the geographical indications of goods (registration & protection) act,1999 and appendices |
| 700 ## - ADDED ENTRY--PERSONAL NAME | |
| Personal name | Raghbir Singh |
| 942 ## - ADDED ENTRY ELEMENTS (KOHA) | |
| Source of classification or shelving scheme | Dewey Decimal Classification |
| Item type | English Books |
| Call number suffix | KAI |
| Classification part | 346.540488 |
| Withdrawn status | Lost status | Materials specified (bound volume or other part) | Not for loan | Collection code | Home library | Current library | Date acquired | Source of acquisition | Cost, normal purchase price | Full call number | Barcode | Copy number | Cost, replacement price | Koha item type |
|---|---|---|---|---|---|---|---|---|---|---|---|---|---|---|
| v.1 | Not For Loan | Non-fiction | D.B.Act.Division | D.B.Act.Division | 27/10/2015 | DBAD/PUB | 4495.00 | 346.540488 KAI | EN-97942 | 1 | 4495.00 | English Books | ||
| v.2 | Not For Loan | Non-fiction | D.B.Act.Division | D.B.Act.Division | 27/10/2015 | DBAD/PUB | 4495.00 | 346.540488 KAI | EN-97943 | 1 | 4495.00 | English Books |
